000 00522nam a2200181Ia 4500
001 635
005 20260306140532.0
008 260306t2015||||xx |||||||||||||| ||spa||
041 _aESP
082 _a128
_bT35
100 _aTell, María Belén
_eAUT
245 0 _aTras la huella del testimonio :
_bestudio filosófico sobre los silenciosos alcances de la antropología hermenéutica de Paul Ricoeur
260 _c2015
300 _a283 páginas :
_c24 cm.
650 _aGEN
654 _aCHU
942 _cLIB
_dJUS
_fJUS
_2ddc
_n
999 _c635
_d635